Potratovosť vo vybraných rómskych komunitách na Slovensku

Základné charakteristiky potratovosti v rómskych obciach v období rokov 1996-2006 v porovnaní so SR. Samovoľná potratovosť. Umelá potratovosť. Štruktúra ukončených tehotenstiev podľa veku. Plánované rodičovstvo a antikoncepcia. Reprodukčné zdravie rómskych žien.

Uložené v:
Podrobná bibliografia
Hlavný autor: Šprocha, Branislav
Ďalší autori: Potančoková, Michaela
Médium: Kapitola
Jazyk:Slovak
Predmet:
Tagy: Pridať tag
Žiadne tagy, Buďte prvý, kto otaguje tento záznam!

MARC

LEADER 00000naa$a2200000$$$4500
001 0074969
005 20231013074047.4
041 0 |a slo 
044 |a CZ 
245 1 0 |a Potratovosť vo vybraných rómskych komunitách na Slovensku  |c Branislav Šprocha, Michaela Potančoková 
520 |a Základné charakteristiky potratovosti v rómskych obciach v období rokov 1996-2006 v porovnaní so SR. Samovoľná potratovosť. Umelá potratovosť. Štruktúra ukončených tehotenstiev podľa veku. Plánované rodičovstvo a antikoncepcia. Reprodukčné zdravie rómskych žien. 
610 2 0 |a demografia 
610 2 0 |a národnosti 
610 2 0 |a obyvateľstvo 
610 2 0 |a reprodukcia obyvateľstva 
610 2 0 |a pôrodnosť 
610 2 0 |a zdravie 
610 2 0 |a ženy 
610 2 0 |a Slovensko 
610 2 0 |a Rómovia 
100 1 |a Šprocha, Branislav 
700 1 |a Potančoková, Michaela